LEADER 00944nam2 2200265 450 001 000003973 005 20080731145018.0 010 $a88-464-3447-1 100 $a20020606d2001----km-y0itay50------ba 101 0 $aita 102 $aIT 105 $ay-------001yy 200 1 $a35. rapporto sulla situazione sociale del paese$e2001$fCensis$gcon il patrocinio del CNEL 210 $a[Milano]$cFranco Angeli$a[Roma]$cCensis$hstampa 2001 215 $aXXIV, 643 p.$ctab.$d24 cm 461 1$1001000014835$12001$aRapporto sulla situazione sociale del Paese 532 11$aTrentacinquesimo rapporto sulla situazione sociale del paese 610 1 $aCondizioni economiche e sociali$aItalia$a2001 676 $a306.0945 710 02$aCensis$09271 801 0$aIT$bUNIPARTHENOPE$gRICA$2UNIMARC 912 $a000003973 951 $a306-R/3$b35399$cNAVA1$d20020610 996 $a35. rapporto sulla situazione sociale del paese$9970337 997 $aUNIPARTHENOPE